गांधी आश्रम: (Record no. 38960)

MARC details
000 -LEADER
fixed length control field 00418nam a22001097a 4500
020 ## - INTERNATIONAL STANDARD BOOK NUMBER
ISBN 9788131611081
100 ## - MAIN ENTRY--AUTHOR NAME
Personal name . शर्मा,बी,एम.
245 ## - TITLE STATEMENT
Title गांधी आश्रम:
Sub Title गांधी विचार दर्शन के प्रयोगशालाये
Statement of responsibility, etc By बी,एम. शर्मा
260 ## - PUBLICATION, DISTRIBUTION, ETC. (IMPRINT)
Place of publication जयपुर:
Name of publisher रावत,
Year of publication 2020.
300 ## - PHYSICAL DESCRIPTION
Number of Pages xxi,426p.
942 ## - ADDED ENTRY ELEMENTS (KOHA)
Source of classification or shelving scheme Dewey Decimal Classification
Koha item type Books

No items available.